Can you name every kick return yardage leader since 1933? - Statistics

General Stats
  • This quiz has been taken 3 times
  • The average score is 19 of 108
Answer Stats
Season Team (s) Position Yards Player % Correct
2025 Tennessee Titans WR 1,323 Chimere Dike
100%
2020 Chicago Bears WR 1,017 Cordarrelle Patterson
100%
2019 Chicago Bears WR 825 Cordarrelle Patterson
100%
2014 Atlanta Falcons WR 1,128 Devin Hester
100%
2013 Chicago Bears WR 1,436 Devin Hester
100%
2024 Dallas Cowboys WR 904 KaVontae Turpin
100%
2023 Green Bay Packers CB 782 Keisean Nixon
100%
2022 Green Bay Packers CB 1,009 Keisean Nixon
100%
2016 Cincinnati Bengals WR 810 Alex Erickson
50%
2015 Detroit Lions RB 1,077 Ameer Abdullah
50%
2021 Houston Texans and Los Angeles Chargers WR 1,010 Andre Roberts
50%
2018 New York Jets WR 1,174 Andre Roberts
50%
2011 Washington Redskins WR 1,174 Brandon Banks
50%
2006 Oakland Raiders CB 1,762 Chris Carr
50%
2005 Oakland Raiders CB 1,752 Chris Carr
50%
2009 St. Louis Rams WR 1,618 Danny Amendola
50%
2004 Kansas City Chiefs WR 1,718 Dante Hall
50%
2012 New York Giants RB 1,533 David Wilson
50%
1992 Atlanta Falcons CB 1,067 Deion Sanders
50%
1998 Chicago Bears RB 1,550 Glyn Milburn
50%
2007 Cleveland Browns WR 1,809 Josh Cribbs
50%
2008 Seattle Seahawks CB 1,753 Josh Wilson
50%
2010 Arizona Cardinals RB 1,548 LaRod Stephens-Howling
50%
2000 Arizona Cardinals WR 2,186 MarTay Jenkins
50%
2002 New Orleans Saints WR 1,807 Michael Lewis
50%
2001 San Diego Chargers RB 1,541 Ronney Jenkins
50%
2017 Seattle Seahawks WR 949 Tyler Lockett
50%
1954 Los Angeles Rams RB 836 Woodley Lewis
50%
1953 Los Angeles Rams RB 830 Woodley Lewis
50%
1962 San Francisco 49ers (NFL) CB 1,157 Abe Woodson
0%
1965 Denver Broncos (AFL) RB 901 Abner Haynes
0%
1957 Green Bay Packers RB 690 Al Carmichael
0%
1956 Green Bay Packers RB 927 Al Carmichael
0%
1946 Boston Yanks (NFL) QB 599 Alex Karnofsky
0%
1970 Los Angeles Rams FS 1,022 Alvin Haymond
0%
1966 Houston Oilers (AFL) CB 875 Bobby Jancik
0%
1963 Houston Oilers (AFL) CB 1,317 Bobby Janick
0%
1969 Cleveland Browns (NFL) RB 722 Bo Scott
0%
1999 Miami Dolphins FS 1,524 Brock Marion
0%
1937 Chicago Bears RB 31 Bronko Nagurski
0%
1979 New York Jets RB 1,158 Bruce Harper
0%
1978 New York Jets RB 1,280 Bruce Harper
0%
1977 New York Jets RB 1,035 Bruce Harper
0%
1952 Dallas Texans RB 643 Buddy Young
0%
1985 Minnesota Vikings WR 1,345 Buster Rhymes
0%
1947 Buffalo Bills (AAFC) RB 691 Chet Mutryn
0%
1946 Los Angeles Dons (AAFC) RB 479 Chuck Fenenbock
0%
1968 St. Louis Cardinals (NFL) SS 1,237 Chuck Latourette
0%
1993 Indianapolis Colts WR 1,050 Clarence Verdin
0%
1948 Washington Redskins (NFL) S 594 Dan Sandifer
0%
1971 Green Bay Packers RB 1,314 Dave Hampton
0%
1962 New York Titans (AFL) RB 824 Dick Christy
0%
1949 Detroit Lions (NFL) S 536 Don Doll
0%
1980 Minnesota Vikings RB 1,184 Eddie Payton
0%
1947 Washington Redskins RB 797 Eddie Saenz
0%
1990 Cleveland Browns RB 1,052 Eric Metcalf
0%
1940 Washington Redskins QB 111 Frank Filchock
0%
1961 Dallas Texans (AFL) WR 645 Frank Jackson
0%
1945 Chicago Cardinals RB 408 Frank Seno
0%
1936 Green Bay Packers RB 25 George Sauer Sr.
0%
1951 New York Yankees RB 622 George Taliaferro
0%
1935 New York Giants RB 40 Harry Newman
0%
1986 Detroit Lions RB 1,007 Herman Hunter
0%
1949 Baltimore Colts (AAFC) RB 602 Herm Wedemeyer
0%
1982 San Diego Chargers RB 749 James Brooks
0%
1989 Dallas Cowboys WR 1,181 James Dixon
0%
1958 Chicago Cardinals S 756 Jimmy Sears
0%
1938 Green Bay Packers RB 29 Joe Laws
0%
1944 Chicago Cardinals FB 471 John Grigas
0%
2003 Arizona Cardinals RB 1,684 Josh Scobey
0%
1943 Brooklyn Dodgers RB 444 Ken Heineman
0%
1934 New York Giants RB 66 Ken Strong
0%
1933 New York Giants RB 52 Ken Strong
0%
1965 San Francisco 49ers (NFL) CB 741 Kermit Alexander Jr.
0%
1997 Arizona Cardinals WR 1,458 Kevin Williams
0%
1975 Washington Redskins WR 1,086 Larry Jones
0%
1959 San Francisco 49ers RB 565 Lenny Lyles
0%
1960 New York Titans (AFL) RB 862 Leon Burton
0%
1984 San Diego Chargers RB 959 Lionel James
0%
1974 New York Jets WR 961 Lou Piccone
0%
1973 New England Patriots RB 1,092 Mack Herron
0%
1972 New Orleans Saints WR 1,020 Margene Adkins
0%
1942 Chicago Cardinals RB 393 Marshall Goldberg
0%
1941 Chicago Cardinals RB 290 Marshall Goldberg
0%
1968 Buffalo Bills (AFL) RB 971 Max Anderson
0%
1991 Detroit Lions RB 929 Mel Gray
0%
1964 Dallas Cowboys (NFL) CB 1,017 Mel Renfro
0%
1969 Miami Dolphins (AFL) RB 1,136 Mercury Morris
0%
1948 Brooklyn Dodgers (AAFC) RB 559 Monk Gafford
0%
1967 Kansas City Chiefs (AFL) WR 1,148 Noland Smith
0%
1964 Denver Broncos (AFL) WR 1,245 Odell Barry
0%
1987 Kansas City Chiefs RB 923 Paul Palmer
0%
1967 Atlanta Falcons (AFL) WR 976 Ron Smith
0%
1966 Atlanta Falcons (NFL) WR 1,013 Ron Smith
0%
1955 Pittsburgh Steelers RB 716 Sid Watson
0%
1981 St. Louis Cardinals RB 1,292 Stump Mitchell
0%
1960 Philadelphia Eagles (NFL) FB 533 Ted Dean
0%
1988 Los Angeles Raiders WR 1,098 Tim Brown
0%
1986 Cincinnati Bengals WR 1,007 Tim McGee
0%
1963 Philadelphia Eagles (NFL) RB 945 Timmy Brown
0%
1961 Philadelphia Eagles (NFL) RB 811 Timmy Brown
0%
1939 New York Giants RB 43 Tuffy Leemans
0%
1996 New Orleans Saints CB 1,791 Tyrone Hughes
0%
1995 New Orleans Saints CB 1,617 Tyrone Hughes
0%
1994 New Orleans Saints CB 1,556 Tyrone Hughes
0%
1950 Los Angeles Rams RB 742 Vitamin Smith
0%
1976 Cincinnati Bengals RB 761 Willie Shelby
0%
1983 Baltimore Colts and Seattle Seahawks RB 1,171 Zachary Dixon
0%
No matching quizzes found
Score Distribution
Percent of People with Each Score
Percentile by Number Answered
Your Score History
You have not taken this quiz